000 01620cam a22004814i 4500
003 PE-LiUPU
005 20250731184604.0
008 150616s r 000 0 d
040 _aPE-LiUPU
_bspa
_cPE-LiUPU
_erda
049 _aPRUA
082 0 4 _a985.512
_bO77r
_223
100 1 _aOrtiz, Dionisio,
_eautor.
245 1 0 _aReseña histórica de la montaña del Pangoa, Gran Pajonal y Satipo (1673-1960) /
_cDionisio Ortíz, O. F. M.
264 1 _aLima :
_bSan Antonio,
_c1961.
300 _a516 páginas :
_bilustraciones, mapas, retratos ;
_c24 centímetros.
336 _atext
_2rdacontent
337 _aunmediated
_2rdamedia
338 _avolume
_2rdacarrier
504 _aIncluye bibliografía.
505 0 _aLa montaña del Pangoa y gran Pajonal hasta la independencia del Perú (1673-1824) -- Desde la independencia del Perú hasta la exploración de Mons. Francisco Irazola (1924-1912).
526 _aP136
526 _aP135
526 _aP134
526 _aP133
526 _aP144
526 _aP143
526 _aP87
526 _aP35
526 _aP20
526 _aP14
526 _aP10
526 _aP06
650 1 4 _aMisiones
_zPerú
_zJunín.
_94498
650 2 4 _aMisiones
_zPerú
_zAmazonía.
_94499
650 1 0 _aFranciscanos
_xMisiones.
_94500
651 2 4 _aSatipo, Jun. (Perú : Provincia)
_xHistoria.
_94501
651 2 0 _aPangoa, Jun. (Perú : Distrito)
_94502
651 2 4 _aGran Pajonal, Lor. (Perú : Distrito)
_94503
910 _ajck
942 _2ddc
_cBK
999 _c56485
_d56485
980 _81
_gALBERTO SANCHEZ Responsable de Automatización